00613nam a2200181Ia 4500003000900000008004100009020002200050040001600072080001700088100002400105245011800129260004800247300001500295490004200310650004100352650001800393650002000411IN-BaIIA211028s9999 xx 000 0 eng d a978-0-521-39249-5 cIIA Library a530.145bNAK aNakamura, Katsuhiro 0aQuantum chaosba new paradigm of nonlinear dynamicscKatsuhiro Nakamura  aCambridgebCambridge University Pressc1993 axii, 208p. aCambridge nonlinear science series; 3 aAstronomy and astrophysics thesaurus aQuantum chaos aQuantum physics